| 000 | 00963nam a22002898i 4500 | ||
|---|---|---|---|
| 001 | 016558554 | ||
| 003 | OSt | ||
| 005 | 20160823143708.0 | ||
| 006 | m||||f ||z 00| 0 | ||
| 008 | 131031s2014 xxua frbd 001 0 eng d | ||
| 020 | _a9781118502693 (pbk.) | ||
| 040 |
_aStDuBDS _beng _cStDuBDS _erda |
||
| 082 | 0 | 4 |
_a617.522 _222 _bWRI |
| 100 | 1 |
_aWright, Edward F. _935785 |
|
| 245 | 1 | 0 |
_aManual of temporomandibular disorders / _cEdward F. Wright. |
| 250 | _a3rd ed. | ||
| 260 |
_aIowa, United States ; _aWest Sussex, United Kingdom ; _aOxford, United Kingdom : _bWiley Blackwell, _c2014. |
||
| 300 |
_axv, 447 p. : _bill. (col.) ; _c25 cm + _eCD-ROM. |
||
| 500 | _aGlossary : p. 419-422. | ||
| 500 | _aIndex : p. 423-447. | ||
| 500 | _aIncludes appendix. | ||
| 504 | _aIncludes bibliographical references. | ||
| 653 |
_bDDent _cMarch2014 |
||
| 655 |
_vreading book _934232 |
||
| 650 | 0 |
_935786 _aTemporomandibular joint _xDiseases |
|
| 942 |
_2ddc _k617.522 WRI |
||
| 999 |
_c18172 _d18144 |
||